Halsbury's laws of India / (Record no. 101765)
[ view plain ]
| 000 -LEADER | |
|---|---|
| fixed length control field | 00874nam a22002537a 4500 |
| 005 - DATE AND TIME OF LATEST TRANSACTION | |
| control field | 20161122103604.0 |
| 010 ## - LCCN (DPL NO) | |
| LC control number | ENG-115625-626 ENG-116598 |
| 020 ## - INTERNATIONAL STANDARD BOOK NUMBER | |
| International Standard Book Number | 9788180389306 (Set) |
| Terms of availability | 3495.00 |
| 020 ## - INTERNATIONAL STANDARD BOOK NUMBER | |
| International Standard Book Number | 9789351437208 (vol 12(1) |
| Terms of availability | 3495.00 |
| 020 ## - INTERNATIONAL STANDARD BOOK NUMBER | |
| International Standard Book Number | 9788180389306 (Set) |
| Terms of availability | 3495.00 |
| 020 ## - INTERNATIONAL STANDARD BOOK NUMBER | |
| International Standard Book Number | 9789351438205 (vol 12(2) ) |
| Terms of availability | 3495.00 |
| 035 ## - SYSTEM CONTROL NUMBER | |
| System control number | EN-99157-158 |
| 035 ## - SYSTEM CONTROL NUMBER | |
| System control number | EN-100130 |
| 037 ## - SOURCE OF ACQUISITION | |
| Source of stock number/acquisition | DBAD/PUB |
| 082 ## - DEWEY DECIMAL CLASSIFICATION NUMBER | |
| Classification number | 346.54 |
| 245 ## - TITLE STATEMENT | |
| Title | Halsbury's laws of India / |
| 250 ## - EDITION STATEMENT | |
| Edition statement | 2nd ed |
| 260 ## - PUBLICATION, DISTRIBUTION, ETC. (IMPRINT) | |
| Place of publication, distribution, etc | Gurgaon |
| Name of publisher, distributor, etc | LexisNexis |
| Date of publication, distribution, etc | 2016 |
| 270 ## - ADDRESS | |
| Address | 14th Floor, Bldg. No.10, Tower-B, DLF Cyber City, Phase-II |
| City | Gurgaon |
| Postal code | 122002 |
| 300 ## - PHYSICAL DESCRIPTION | |
| Extent | V.12(1)-V.12(2) (cxiv,514p.;cxxviii,413p.) Vol-13-Various Pagings |
| Other physical details | 24cm(Hb) |
| 500 ## - GENERAL NOTE | |
| General note | Includes index |
| 505 ## - FORMATTED CONTENTS NOTE | |
| Formatted contents note | V.12 (1),V.12(2) Criminal Procedure V-13-Election |
| 942 ## - ADDED ENTRY ELEMENTS (KOHA) | |
| Source of classification or shelving scheme | Dewey Decimal Classification |
| Item type | English Books |
| Call number suffix | HAL |
| Classification part | 346.54 |
| Withdrawn status | Lost status | Materials specified (bound volume or other part) | Not for loan | Collection code | Home library | Current library | Date acquired | Source of acquisition | Cost, normal purchase price | Full call number | Barcode | Copy number | Cost, replacement price | Koha item type |
|---|---|---|---|---|---|---|---|---|---|---|---|---|---|---|
| vol-12(1) | Not For Loan | Non-fiction | D.B.Act.Division | Bawana | 03/08/2016 | DBAD/PUB | 3495.00 | 346.54 HAL | EN-99157 | 1 | 3495.00 | English Books | ||
| vol-13 | Not For Loan | Non-fiction | D.B.Act.Division | D.B.Act.Division | 21/11/2016 | DBAD/PUB | 3495.00 | 346.54 HAL | EN-100130 | 1 | 3495.00 | English Books | ||
| vol-12(2) | Non-fiction | Shahdara Branch | Shahdara Branch | 03/08/2016 | DBAD/PUB | 3495.00 | 346.54 HAL | EN-99158 | 1 | 3495.00 | English Books |
